000
00342nam a2200145Ia 4500
008
150301s2013 xx 000 0 und d
082
_a
616.024
_b
C13P
100
_a
PARSONS, POLLY E.
245
_a
RITICAL CARE SECRETS
250
_a
5TH
260
_b
ELSEVIER
_a
INDIA
_c
2013
300
_a
644
650
_a
GENERAL MEDICINE
942
_2
ddc
_c
BK
999
_c
6744
_d
6744